000 00994nam a2200241 a 4500
001 000023297
005 20200930022124.0
008 101201s1986 ag r 000 0 spa d
020 _a950180075X
040 _aDO-SdBNP
_bspa
_cBNPHU
082 _a972.8052
_bC748r
245 0 0 _aConflicto y revolución :
_bla crisis en América Central /
_cedición Howard J. Wiarda ; traducción Graciela Arancibia.
260 _aBuenos Aires, Argentina :
_bTres Tiempos,
_c1986.
300 _a468 p. ;
_c20 cm.
500 _aIncluye notas al pie de las páginas.
534 _aRift and revolution, the Central America Imbroglio.
651 4 _aAmérica Central
_xPolítica Y Gobierno
_xEnsayos, Conferencias, Etc.
_947977
651 4 _aAmérica Central
_xRelaciones Exteriores
_xEnsayos, Confenrencias, Etc.
_947978
650 4 _aRevoluciones
_zAmérica Central
_xEnsayos, conferencias, etc.
_947979
700 1 _aWiarda, Howard J.,
_eed.
_947980
700 1 _aArancibia, Graciela,
_etr.
_910663
049 _aBNGR
999 _c22794
_d22794